Ägyptische Unterweltsbücher

Сохранить в:  
Библиографические подробности
Другие заглавия:[Umschlagt.:] Ägyptische Unterweltsbücher
Ägyptische Unterweltsbücher
Другие авторы: Hornung, Erik 1933-2022 (Другой)
Формат: Print
Язык:Немецкий
Слжба доставки Subito: Заказать сейчас.
Проверить наличие: HBZ Gateway
Interlibrary Loan:Interlibrary Loan for the Fachinformationsdienste (Specialized Information Services in Germany)
Опубликовано: Zürich [u.a.] Artemis-Verl. 1984
В:Год: 1984
Редактирование:2., erw. Aufl.
Серии журналов/журналы:Die Bibliothek der alten Welt Reihe der alte Orient
Нормированные ключевые слова (последовательности):B Проводник в потусторонний мир
Другие ключевые слова:B Книга мёртвых
B Религия (мотив) / Древность
B Иллюстрация
B Проводник в потусторонний мир
B Египет (древний, мотив) / N.a. Religion
B Антология
Online-ссылка: Содержание

MARC

LEADER 00000cam a22000002c 4500
001 026406373
003 DE-627
005 20251219211837.0
007 tu
008 850424s1984 gw ||||| 00| ||ger c
015 |a 85,A05,0303  |2 dnb 
016 7 |a 850111749  |2 DE-101 
020 |a 3760835074  |9 3-7608-3507-4 
035 |a (DE-627)026406373 
035 |a (DE-576)050342592 
035 |a (DE-599)GBV026406373 
035 |a (DE-604)800265508x 
040 |a DE-627  |b ger  |c DE-627  |e rakwb 
041 |a ger 
044 |c XA-DE 
082 0 |a 299.2762  |q OCLC 
084 |a 13  |2 sdnb 
084 |a 6,21  |a 1  |2 ssgn 
084 |a LE 5100  |2 rvk  |0 (DE-625)rvk/90933: 
084 |a BC 8220  |2 rvk  |0 (DE-625)rvk/9741: 
084 |a EO 2420  |2 rvk  |0 (DE-625)rvk/25580: 
191 |a 1 
245 0 0 |a Ägyptische Unterweltsbücher  |c Eingeleitet, übers. u. erl. von Erik Hornung 
246 1 |i Nebentitel  |a [Umschlagt.:] Ägyptische Unterweltsbücher 
246 3 3 |a Ägyptische Unterweltsbücher 
250 |a 2., erw. Aufl. 
264 1 |a Zürich [u.a.]  |b Artemis-Verl.  |c 1984 
300 |a 527 S  |b 114 Ill  |c 18 cm 
336 |a Text  |b txt  |2 rdacontent 
337 |a ohne Hilfsmittel zu benutzen  |b n  |2 rdamedia 
338 |a Band  |b nc  |2 rdacarrier 
490 0 |a Die Bibliothek der alten Welt  |a Reihe der alte Orient 
500 |a Literaturverz. S. 513 - 515. - Enth. u.a.: Das Amduat. Das Pfortenbuch 
583 1 |a Archivierung/Langzeitarchivierung gewährleistet  |f SSG  |x XA-DE-BW  |2 pdager  |5 DE-16 
583 1 |a Archivierung prüfen  |c 20240324  |f DE-4165  |z 3  |2 pdager 
650 0 7 |0 (DE-588)4120521-2  |0 (DE-627)105775932  |0 (DE-576)209535792  |a Jenseitsführer  |2 gnd 
650 0 7 |0 (DE-588)4123412-1  |0 (DE-627)104516488  |0 (DE-576)209559519  |a Illustration  |2 gnd 
650 4 |a Totenbuch 
650 4 |a Ägypten / N.a. Religion 
650 4 |a Altertum / Religion 
655 7 |a Anthologie  |0 (DE-588)4002214-6  |0 (DE-627)106394134  |0 (DE-576)208846182  |2 gnd-content 
689 0 0 |d s  |0 (DE-588)4120521-2  |0 (DE-627)105775932  |0 (DE-576)209535792  |2 gnd  |a Jenseitsführer 
689 0 |5 (DE-627) 
700 1 |0 (DE-588)115456120  |0 (DE-627)077263030  |0 (DE-576)16148932X  |4 oth  |a Hornung, Erik  |d 1933-2022 
856 4 2 |u http://d-nb.info/850111749/04  |m B:DE-101  |q application/pdf  |v 20130501  |x Verlag  |3 Inhaltsverzeichnis  |7 1 
935 |a mteo 
935 |i Blocktest 
936 r v |a LE 5100  |b Allgemeines  |k Klassische Archäologie  |k Nachbarwissenschaften  |k Ägypten und Orient  |k Archäologie und Geschichte Ägyptens  |k Kunst  |k Allgemeines  |k Allgemeines  |0 (DE-627)1270641077  |0 (DE-625)rvk/90933:  |0 (DE-576)200641077 
936 r v |a BC 8220  |b Religion  |k Theologie und Religionswissenschaften  |k Bibelwissenschaft  |k Die orientalische Umwelt der Bibel  |k Ältere Völker und Großreiche des Alten Orients  |k Ägypten  |k Religion  |0 (DE-627)1270709488  |0 (DE-625)rvk/9741:  |0 (DE-576)200709488 
936 r v |a EO 2420  |b Religiöse Literatur (z.B. Ritualtexte)  |k Allgemeine und vergleichende Sprach- und Literaturwissenschaft. Indogermanistik. Außereuropäische Sprachen und Literaturen  |k Ägyptische Sprache und Literatur  |k Ägyptische Literatur  |k Einzelne Gattungen  |k Religiöse Literatur (z.B. Ritualtexte)  |0 (DE-627)1271323648  |0 (DE-625)rvk/25580:  |0 (DE-576)201323648 
951 |a BO 
BIB |a 1 
ELC |b 1 
ITA |a 1 
LOK |0 000 xxxxxcx a22 zn 4500 
LOK |0 001 3103281943 
LOK |0 003 DE-627 
LOK |0 004 026406373 
LOK |0 005 20100408073624 
LOK |0 008 961204||||||||||||||||ger||||||| 
LOK |0 040   |a DE-21-31  |c DE-627  |d DE-21-31 
LOK |0 541   |e 56131 
LOK |0 852   |a DE-21-31 
LOK |0 852 1  |c Cd X 158/2  |m p  |9 00 
LOK |0 938   |k p 
LOK |0 939   |a 04-12-96  |b l01 
ORI |a SA-MARC-ixtheoa001.raw 
REF |a Ägyptische Religion,Griechische Religion 
REL |a 1 
STA 0 0 |a Book of the dead,Guide to the Hereafter,Illustration,Book illustration,Pictures,Scientific illustration 
STB 0 0 |a Illustration,Illustrations,Illustration scientifique,Livre des morts,Livre du monde souterrain 
STC 0 0 |a Guía del mundo de los muertos,Ilustración,Ilustración de libros,Libro de los muertos 
STD 0 0 |a Guida dell'aldilà,Illustrazione,Libro dei morti 
STE 0 0 |a 插画,插图,死亡之书,亡灵之书,死者之书 
STF 0 0 |a 插畫,插圖,死亡之書,亡靈之書,死者之書 
STG 0 0 |a Guia do mundo dos mortos,Ilustração,Livro dos mortos 
STH 0 0 |a Иллюстрация,Книга мёртвых,Проводник в потусторонний мир 
STI 0 0 |a Βιβλίο των νεκρών,Εικονογράφηση,Οδηγός για τον άλλον κόσμο 
SUB |a BIB  |a REL 
SYE 0 0 |a Unterweltsbücher,Jenseitsbücher , Abbildung,Buchillustration,Buch,Bebilderung,Bildmaterial,Wissenschaftliche Illustration,Illustrationen,Buchillustrationen , Totenbuch-Papyrus des Hor,Cincinnati <Ohio>,Art Museum,Papyrus 1947.3669,Totenbuch-Papyrus des Hor,Denver <Colo.>,Art Museum,Papyrus 1954.61,Totenbuch-Papyrus des Hor,Cologny,Bibliotheca Bodmeriana,Papyrus XV,Totenbuch,Aberdeen ,Marischal Museum,pAberdeen ABDUA:84023.006,Totenbuch,Berlin,Ägyptisches Museum und Papyrussammlung,pBerlin P. 3159,Totenbuch,Berlin,Ägyptisches Museum und Papyrussammlung,pBerlin P. 3158,Totenbuch,Jtwnijrʿyh,Papyrus,Princeton <NJ>,Universitätsbibliothek,Pharaonic Roll 5,Totenbuch,Qeqa,Papyrus,Berlin,Ägyptisches Museum und Papyrussammlung,pBerlin P. 3003,Papyrus of Nebseni,London,Britisches Museum,EA 9900,Ägyptisches Totenbuch,Libro dei morti,Das Totenbuch der Ägypter,Book of the dead,Livre des morts,Das ägyptische Totenbuch,The ancient Egyptian book of the dead,The Egyptian book of the dead,Livre des morts des anciens Egyptiens,Le livre des morts des anciens Égyptiens,The book of the dead 
SYG 0 0 |a Unterweltsbücher,Jenseitsbücher